000 00484nam a2200181Ia 4500
003 LK-CoDNM
008 010623t1930 xxu||||| |||| 00| 1 sin d
040 _aLK-CoDNM
_dLK-CoDNM
_eLK-CoDNM
041 _asin
080 _a104 H.14
100 _aDe Silva,W Charles
245 _aජ්‍යාමිති ශාස්ත්‍රය
246 _aJayaamithi Shastraya
260 _bK.D.Perera Sons
_aColombo
_c1930
300 _b176p., 21 cm
650 _aGeometry
942 _cBK
999 _c95322
_d95322